000 00672nam a2200205Ia 4500
003 GCL
008 140319s9999 xx 000 0 ara d
040 _aGCL /
_cGCL
082 0 4 _aم
_b200.4
_bأ م
100 1 _aامام عبدالفتاح امام
245 1 0 _aمعجم ديانات واساطير العالم /
_cامام عبدالفتاح امام
260 _aالقاهرة :
_bمكتبة مدبولى
300 _aمتعدد ؛
_c24 سم
650 0 4 _aالديانات القديمة
650 0 4 _aالاساطير القديمة
650 0 4 _aالاساطير
650 0 4 _aالالهة
650 0 4 _aالاساطير - معاجم
942 _2ddc
_cBK
999 _c48087
_d48087